000 00415nam a22001697a 4500
005 20180801154849.0
008 160625b xxu||||| |||| 00| 0 eng d
020 _a0-07-462264-1
041 _aeng
082 _b9940
_a658.3
100 _aMonappa, arun and Saiyadain, Mirza S
_94681
245 _aPersonnel Management
260 _bTMH
_c2004
_adelhi
300 _a400p,
650 _aManagement
_9241
942 _cBK
999 _c3904
_d3903